[Event "St Peters De Beauvoir 2nd"]
[Site "London, Islington"]
[Date "1995.05.??"]
[Round "?"]
[White "Baker, Chris W"]
[Black "Holland, Christopher KD"]
[Result "1-0"]
[WhiteElo "2260"]
[BlackElo "2260"]
[PlyCount "69"]
[EventDate "1995.04.30"]
[EventType "tourn"]
[EventRounds "15"]
[EventCountry "ENG"]
[SourceTitle "BritBase"]
[Source "John Saunders"]
[SourceDate "2023.06.01"]
[SourceVersion "1"]
[SourceVersionDate "2023.06.01"]
[SourceQuality "1"]

1. e4 e6 2. Nf3 d5 3. Nc3 dxe4 4. Nxe4 c5 5. Bc4 Nc6 6. O-O Be7 7. Qe2 Nf6 8.
d3 O-O 9. a4 Nd5 10. c3 a6 11. Rd1 Na5 12. d4 cxd4 13. Rxd4 Nxc4 14. Qxc4 Bd7
15. Ne5 Be8 16. a5 f6 17. Nf3 Bf7 18. Rd1 Rc8 19. Qe2 Qc7 20. Nd4 Rfe8 21. Qf3
Bf8 22. Bd2 Ne7 23. Bf4 e5 24. Bg3 Ng6 25. Nf5 Red8 26. h4 Rxd1+ 27. Rxd1 Rd8
28. h5 Rxd1+ 29. Qxd1 Nf4 30. Bxf4 exf4 31. h6 Qxa5 32. Qg4 g6 33. Nxf6+ Kh8
34. Nd6 Ba2 35. Qc8 1-0

[Event "St Peters De Beauvoir 2nd"]
[Site "London, Islington"]
[Date "1995.05.??"]
[Round "?"]
[White "Britton, Richard L"]
[Black "Tyrtania, Maximilian"]
[Result "1-0"]
[WhiteElo "2320"]
[BlackElo "2220"]
[PlyCount "85"]
[EventDate "1995.04.30"]
[EventType "tourn"]
[EventRounds "15"]
[EventCountry "ENG"]
[SourceTitle "BritBase"]
[Source "John Saunders"]
[SourceDate "2023.06.01"]
[SourceVersion "1"]
[SourceVersionDate "2023.06.01"]
[SourceQuality "1"]

1. e4 e6 2. d4 d5 3. Nc3 Nf6 4. Bg5 Be7 5. e5 Nfd7 6. Bxe7 Qxe7 7. f4 c5 8. Nf3
O-O 9. Bd3 f5 10. Qd2 Nc6 11. O-O-O c4 12. Be2 Rb8 13. Rdg1 b5 14. Qe3 b4 15.
Na4 Ba6 16. b3 Bb5 17. Nb2 c3 18. Nd3 Qd8 19. Kd1 Qa5 20. Nc1 Bxe2+ 21. Kxe2
Qb6 22. g4 fxg4 23. Rxg4 Ne7 24. Rhg1 Nf5 25. Qf2 Rb7 26. Kf1 Nb8 27. Ne2 Nc6
28. Kg2 a5 29. Kh1 Ra7 30. Nh4 a4 31. Nxf5 Rxf5 32. Qg2 Rff7 33. Rg5 axb3 34.
axb3 Qd8 35. f5 exf5 36. e6 Rfe7 37. Nf4 Nxd4 38. Nxd5 Nxe6 39. Nxe7+ Rxe7 40.
Rxf5 Rd7 41. Qe4 Nf8 42. Rgf1 Ng6 43. Qe6+ 1-0

[Event "St Peters De Beauvoir 2nd"]
[Site "London, Islington"]
[Date "1995.05.??"]
[Round "?"]
[White "Dive, Russell John"]
[Black "Tyrtania, Maximilian"]
[Result "1-0"]
[WhiteElo "2295"]
[BlackElo "2220"]
[PlyCount "81"]
[EventDate "1995.04.30"]
[EventType "tourn"]
[EventRounds "15"]
[EventCountry "ENG"]
[SourceTitle "BritBase"]
[Source "John Saunders"]
[SourceDate "2023.06.01"]
[SourceVersion "1"]
[SourceVersionDate "2023.06.01"]
[SourceQuality "1"]

1. d4 c5 2. d5 g6 3. c4 Bg7 4. e4 Qa5+ 5. Bd2 Qb6 6. Nc3 d6 7. Qc2 Nf6 8. Be2
O-O 9. h3 e6 10. Nf3 Nbd7 11. O-O e5 12. g4 Qd8 13. Kg2 Kh8 14. Bd3 Ng8 15. Ne2
Bh6 16. g5 Bg7 17. h4 h5 18. gxh6 Nxh6 19. Ng3 Nb6 20. Rh1 f5 21. Bg5 Qe8 22.
h5 f4 23. hxg6 fxg3 24. Bxh6 gxf2 25. Bxg7+ Kxg7 26. Nh4 Qd8 27. Nf5+ Bxf5 28.
exf5 Qg5+ 29. Kxf2 Qf4+ 30. Ke2 Rh8 31. Raf1 Qg4+ 32. Ke1 Nd7 33. Qe2 Qd4 34.
Rh7+ Rxh7 35. gxh7 Qh4+ 36. Kd1 Kf7 37. Qg2 Qxh7 38. Qg6+ Qxg6 39. fxg6+ Kg8
40. Rf7 Rd8 41. Bf5 1-0

[Event "St Peters De Beauvoir 2nd"]
[Site "London, Islington"]
[Date "1995.05.??"]
[Round "?"]
[White "Duncan, Christopher R"]
[Black "McDonald, Neil R"]
[Result "0-1"]
[WhiteElo "2310"]
[BlackElo "2460"]
[PlyCount "34"]
[EventDate "1995.04.30"]
[EventType "tourn"]
[EventRounds "15"]
[EventCountry "ENG"]
[SourceTitle "BritBase"]
[Source "John Saunders"]
[SourceDate "2023.06.01"]
[SourceVersion "1"]
[SourceVersionDate "2023.06.01"]
[SourceQuality "1"]

1. e4 e6 2. d4 d5 3. e5 c5 4. c3 Nc6 5. Nf3 Bd7 6. a3 Nge7 7. Bd3 cxd4 8. cxd4
Qb6 9. Bc2 Nf5 10. Bxf5 exf5 11. Nc3 Be6 12. b4 Rc8 13. Qd3 Nxb4 14. Qd2 Qa6
15. Bb2 Nd3+ 16. Kd1 Nxb2+ 17. Qxb2 Qd3+ 0-1

[Event "St Peters De Beauvoir 2nd"]
[Site "London, Islington"]
[Date "1995.05.??"]
[Round "?"]
[White "Duncan, Christopher R"]
[Black "Whiteley, Andrew Jonathan"]
[Result "1-0"]
[WhiteElo "2310"]
[BlackElo "2335"]
[PlyCount "71"]
[EventDate "1995.04.30"]
[EventType "tourn"]
[EventRounds "15"]
[EventCountry "ENG"]
[SourceTitle "BritBase"]
[Source "John Saunders"]
[SourceDate "2023.06.01"]
[SourceVersion "1"]
[SourceVersionDate "2023.06.01"]
[SourceQuality "1"]

1. e4 e6 2. d4 d5 3. e5 c5 4. c3 Nc6 5. Nf3 Qb6 6. a3 Bd7 7. b4 cxd4 8. cxd4
Rc8 9. Bb2 Nh6 10. Bd3 Na5 11. Nbd2 Nc4 12. Bxc4 dxc4 13. Rc1 Qa6 14. O-O c3
15. Bxc3 Qxa3 16. Ne4 Qa2 17. Bd2 Rxc1 18. Qxc1 Qd5 19. Qc7 Qxe4 20. Bg5 f6 21.
exf6 Qc6 22. Qd8+ Kxd8 23. fxg7+ Ke8 24. gxh8=Q Nf7 25. Qf6 Nxg5 26. Nxg5 Bxb4
27. Qh8+ Ke7 28. Nxh7 Qc8 29. Qf6+ Kd6 30. Qe5+ Ke7 31. Qg5+ Kf7 32. Rc1 Bc6
33. d5 exd5 34. Qf6+ Kg8 35. Qg6+ Kh8 36. Nf6 1-0

[Event "St Peters De Beauvoir 2nd"]
[Site "London, Islington"]
[Date "1995.05.??"]
[Round "?"]
[White "Dunworth, Christopher N"]
[Black "Holland, Christopher KD"]
[Result "1-0"]
[WhiteElo "2325"]
[BlackElo "2260"]
[PlyCount "59"]
[EventDate "1995.04.30"]
[EventType "tourn"]
[EventRounds "15"]
[EventCountry "ENG"]
[SourceTitle "BritBase"]
[Source "John Saunders"]
[SourceDate "2023.06.01"]
[SourceVersion "1"]
[SourceVersionDate "2023.06.01"]
[SourceQuality "1"]

1. e4 c5 2. Nf3 Nf6 3. e5 Nd5 4. Nc3 Nxc3 5. dxc3 Qc7 6. Bf4 Nc6 7. Bc4 e6 8.
O-O h6 9. Qe2 b6 10. Rfd1 Bb7 11. Rd2 O-O-O 12. Rad1 Kb8 13. Bg3 g5 14. Ba6 Ne7
15. Bxb7 Qxb7 16. Qb5 Kc8 17. a4 Nc6 18. Qc4 Be7 19. h4 Na5 20. Qe2 Qc6 21. b3
g4 22. Nh2 h5 23. Nf1 Nb7 24. Qa6 Kb8 25. Ne3 Na5 26. Nc4 Nxc4 27. Qxc4 Kb7 28.
Qf4 Rh7 29. c4 a5 30. Rd6 1-0

[Event "St Peters De Beauvoir 2nd"]
[Site "London, Islington"]
[Date "1995.05.??"]
[Round "?"]
[White "Dunworth, Christopher N"]
[Black "Dive, Russell John"]
[Result "1-0"]
[WhiteElo "2325"]
[BlackElo "2295"]
[PlyCount "63"]
[EventDate "1995.04.30"]
[EventType "tourn"]
[EventRounds "15"]
[EventCountry "ENG"]
[SourceTitle "BritBase"]
[Source "John Saunders"]
[SourceDate "2023.06.01"]
[SourceVersion "1"]
[SourceVersionDate "2023.06.01"]
[SourceQuality "1"]

{White arrived nearly an hour late for the game...} 1. d4 Nf6 2. Bg5 e6 3. e4
h6 4. Bxf6 Qxf6 5. Qd2 b6 6. g3 e5 7. dxe5 Qxe5 8. Nc3 Bb4 9. Nge2 Ba6 10. f4
Qa5 11. Bg2 Bxe2 12. Kxe2 Bxc3 13. Qxc3 Qxc3 14. bxc3 Na6 15. e5 O-O-O 16. a4
f6 17. c4 fxe5 18. a5 Nb8 19. axb6 axb6 20. Ra8 exf4 21. Rha1 c6 22. R1a6 Kc7
23. R8a7+ Kd6 24. Rxb6 fxg3 25. hxg3 Kc5 26. Rb3 Kxc4 27. Ra5 Rhf8 28. Bf3 d5
29. Kd2 Rd6 $4 (29... Rde8 $11) 30. Be2+ Kd4 31. Re3 Rf2 32. c3# 1-0

[Event "St Peters De Beauvoir 2nd"]
[Site "London, Islington"]
[Date "1995.05.??"]
[Round "?"]
[White "McDonald, Neil R"]
[Black "Whiteley, Andrew Jonathan"]
[Result "1-0"]
[WhiteElo "2460"]
[BlackElo "2335"]
[PlyCount "79"]
[EventDate "1995.04.30"]
[EventType "tourn"]
[EventRounds "15"]
[EventCountry "ENG"]
[SourceTitle "BritBase"]
[Source "John Saunders"]
[SourceDate "2023.06.01"]
[SourceVersion "1"]
[SourceVersionDate "2023.06.01"]
[SourceQuality "1"]

1. e4 e6 2. d4 d5 3. Nc3 Bb4 4. e5 c5 5. a3 Ba5 6. b4 cxb4 7. Nb5 f5 8. Nh3 Nc6
9. Nf4 Nh6 10. Qh5+ Kf8 11. axb4 Bxb4+ 12. c3 Nxd4 13. cxb4 Nc2+ 14. Kd1 Nxa1
15. Bb2 a5 16. Bxa1 axb4 17. Bd4 Bd7 18. Bd3 Ra2 19. Re1 Qa8 20. Re2 b3 21. Rb2
Rxb2 22. Bxb2 Nf7 23. Nd6 g6 24. Nxg6+ hxg6 25. Qxg6 Nh6 26. Qf6+ Kg8 27. Qg6+
Kf8 28. Bc1 Qa1 29. Qf6+ Kg8 30. Qg6+ Kf8 31. Qf6+ Kg8 32. Qd8+ Kg7 33. Qxd7+
Kg8 34. Qd8+ Kg7 35. Qe7+ Kg8 36. Qxe6+ Kg7 37. Qe7+ Kg8 38. Ne8 Nf7 39. e6 Rh7
40. Nf6+ 1-0

[Event "St Peters De Beauvoir 2nd"]
[Site "London, Islington"]
[Date "1995.05.??"]
[Round "?"]
[White "Olesen, Martin"]
[Black "Tyrtania, Maximilian"]
[Result "1-0"]
[WhiteElo "2340"]
[BlackElo "2220"]
[PlyCount "45"]
[EventDate "1995.04.30"]
[EventType "tourn"]
[EventRounds "15"]
[EventCountry "ENG"]
[SourceTitle "BritBase"]
[Source "John Saunders"]
[SourceDate "2023.06.01"]
[SourceVersion "1"]
[SourceVersionDate "2023.06.01"]
[SourceQuality "1"]

1. e4 e6 2. d4 d5 3. e5 c5 4. c3 Nc6 5. Nf3 Nge7 6. Be2 Nf5 7. dxc5 Bxc5 8. b4
Bb6 9. b5 Na5 10. O-O Qc7 11. Bd3 Bd7 12. a4 O-O-O 13. Ba3 Nc4 14. Bxc4 Qxc4
15. Nbd2 Qf4 16. Qb3 Kb8 17. a5 Bxa5 18. Bc5 Bb6 19. Bxb6 axb6 20. Ra4 Qh6 21.
Rfa1 Rc8 22. Qb4 Qg6 23. Qd6+ 1-0

[Event "St Peters De Beauvoir 2nd"]
[Site "London, Islington"]
[Date "1995.05.??"]
[Round "?"]
[White "Olesen, Martin"]
[Black "Franklin, Michael J"]
[Result "1-0"]
[WhiteElo "2340"]
[BlackElo "2240"]
[PlyCount "75"]
[EventDate "1995.04.30"]
[EventType "tourn"]
[EventRounds "15"]
[EventCountry "ENG"]
[SourceTitle "BritBase"]
[Source "John Saunders"]
[SourceDate "2023.06.01"]
[SourceVersion "1"]
[SourceVersionDate "2023.06.01"]
[SourceQuality "1"]

1. e4 c5 2. Nf3 a6 3. c3 d5 4. exd5 Qxd5 5. d4 e6 6. Be2 Nf6 7. O-O Nc6 8. c4
Qd8 9. dxc5 Qxd1 10. Rxd1 Ne4 11. Ng5 Nxc5 12. Nc3 Be7 13. Be3 O-O 14. Nge4
Nxe4 15. Nxe4 f5 16. Nd6 Bf6 17. Rab1 g6 18. c5 Kg7 19. b4 Rd8 20. a4 e5 21. f4
exf4 22. Bxf4 g5 23. Be3 f4 24. Bf2 Ne5 25. Nxc8 Raxc8 26. b5 axb5 27. axb5 g4
28. c6 f3 29. Rxd8 Rxd8 30. Bf1 bxc6 31. b6 Nd7 32. gxf3 gxf3 33. Bh3 Nb8 34.
Bg3 Bd4+ 35. Kf1 c5 36. b7 c4 37. Rd1 c3 38. Rxd4 1-0

[Event "St Peters De Beauvoir 2nd"]
[Site "London, Islington"]
[Date "1995.05.??"]
[Round "?"]
[White "Olesen, Martin"]
[Black "Britton, Richard L"]
[Result "0-1"]
[WhiteElo "2340"]
[BlackElo "2320"]
[PlyCount "38"]
[EventDate "1995.04.30"]
[EventType "tourn"]
[EventRounds "15"]
[EventCountry "ENG"]
[SourceTitle "BritBase"]
[Source "John Saunders"]
[SourceDate "2023.06.01"]
[SourceVersion "1"]
[SourceVersionDate "2023.06.01"]
[SourceQuality "1"]

1. e4 c5 2. c3 d5 3. exd5 Qxd5 4. d4 Nf6 5. Nf3 Bg4 6. Qa4+ Nc6 7. Bc4 Qd7 8.
dxc5 Bxf3 9. gxf3 e6 10. b4 Be7 11. Be3 Nd5 12. Bxd5 exd5 13. Nd2 Bf6 14. Rc1
O-O 15. f4 Rfe8 16. Qb3 d4 17. cxd4 Nxd4 18. Qc4 Rxe3+ 19. fxe3 Bh4+ {Source:
CHESS, August 1995, Vol.60/5, p44} 0-1

[Event "St Peters De Beauvoir 2nd"]
[Site "London, Islington"]
[Date "1995.05.??"]
[Round "?"]
[White "Rowson, Jonathan"]
[Black "Franklin, Michael J"]
[Result "0-1"]
[WhiteElo "2345"]
[BlackElo "2240"]
[PlyCount "70"]
[EventDate "1995.04.30"]
[EventType "tourn"]
[EventRounds "15"]
[EventCountry "ENG"]
[SourceTitle "BritBase"]
[Source "John Saunders"]
[SourceDate "2023.06.01"]
[SourceVersion "1"]
[SourceVersionDate "2023.06.01"]
[SourceQuality "1"]

1. e4 c5 2. Nf3 a6 3. c4 d6 4. d4 Nd7 5. Nc3 e6 6. d5 e5 7. Bd3 Ne7 8. O-O Ng6
9. a3 Be7 10. b4 b6 11. Be3 O-O 12. Qd2 Nf6 13. Rab1 Nh5 14. Na4 Nhf4 15. bxc5
bxc5 16. Nb6 Ra7 17. Nxc8 Qxc8 18. h3 Bd8 19. Rb3 Re7 20. Rfb1 h6 21. Bf1 f5
22. Qc2 fxe4 23. Nd2 Ref7 24. Nxe4 Qf5 25. R1b2 Be7 26. Rb6 Nh4 27. Nxd6 Bxd6
28. Rxd6 Nxh3+ 29. gxh3 Nf3+ 30. Kh1 e4 31. Re6 Rf6 32. Qxe4 Rg6 33. Rxg6 Qxe4
34. Re6 Qf5 35. Reb6 Qe5 0-1

[Event "St Peters De Beauvoir 2nd"]
[Site "London, Islington"]
[Date "1995.05.??"]
[Round "?"]
[White "Rowson, Jonathan"]
[Black "Holland, Christopher KD"]
[Result "1-0"]
[WhiteElo "2345"]
[BlackElo "2260"]
[PlyCount "57"]
[EventDate "1995.04.30"]
[EventType "tourn"]
[EventRounds "15"]
[EventCountry "ENG"]
[SourceTitle "BritBase"]
[Source "John Saunders"]
[SourceDate "2023.06.01"]
[SourceVersion "1"]
[SourceVersionDate "2023.06.01"]
[SourceQuality "1"]

1. e4 e6 2. d4 d5 3. Nc3 Bb4 4. e5 c5 5. Bd2 Nh6 6. Bxh6 gxh6 7. a3 cxd4 8.
axb4 dxc3 9. bxc3 Qc7 10. Qd4 O-O 11. Nf3 Nd7 12. Bb5 Nb6 13. O-O Bd7 14. Bd3
a6 15. Qh4 Bb5 16. Rad1 f6 17. exf6 Qf7 18. Qxh6 Bxd3 19. Rxd3 Qxf6 20. Qh5 Rf7
21. Nd4 Rg7 22. Rg3 Rg6 23. Re1 Re8 24. f4 Re7 25. Qf3 Rxg3 26. hxg3 Kh8 27.
Qg4 e5 28. Qf5 Qxf5 29. Nxf5 1-0

[Event "St Peters De Beauvoir 2nd"]
[Site "London, Islington"]
[Date "1995.05.??"]
[Round "?"]
[White "Whiteley, Andrew Jonathan"]
[Black "Franklin, Michael J"]
[Result "1-0"]
[WhiteElo "2335"]
[BlackElo "2240"]
[PlyCount "57"]
[EventDate "1995.04.30"]
[EventType "tourn"]
[EventRounds "15"]
[EventCountry "ENG"]
[SourceTitle "BritBase"]
[Source "John Saunders"]
[SourceDate "2023.06.01"]
[SourceVersion "1"]
[SourceVersionDate "2023.06.01"]
[SourceQuality "1"]

1. d4 Nf6 2. c4 e6 3. Nc3 Bb4 4. Qc2 d6 5. Bg5 Nbd7 6. e3 h6 7. Bh4 b6 8. Nge2
Bb7 9. a3 Bxc3+ 10. Nxc3 Qe7 11. O-O-O O-O-O 12. f3 Kb8 13. e4 g5 14. Bf2 c5
15. e5 dxe5 16. dxe5 Nh5 17. Qe2 Nf4 18. Qe3 Ng6 19. Bg3 Nh4 20. Bxh4 gxh4 21.
f4 Ka8 22. Ne4 f6 23. Nd6 fxe5 24. Nxb7 Kxb7 25. Be2 a5 26. Qe4+ Ka7 27. Bf3
Rb8 28. Qc6 Rhd8 29. Qc7+ 1-0